| 000 | 00630nam a22002057a 4500 | ||
|---|---|---|---|
| 999 |
_c20878 _d20878 |
||
| 005 | 20200219123310.0 | ||
| 008 | 200219b xxu||||| |||| 00| 0 spa d | ||
| 040 |
_aCO-BoIAVH _cCO-BoIAVH |
||
| 041 | _aspa | ||
| 044 | _ack | ||
| 090 |
_aFG _b0480 |
||
| 110 | _aGrupo Semillas. | ||
| 245 |
_aObjetivo: Reforma rural integral en materia de tierras _cGrupo Semillas |
||
| 260 |
_as.l: _bGrupo Semillas, _cs.f. |
||
| 300 |
_aUna página, _bIlustraciones a color, _c29.2 x 20.5 cm |
||
| 650 | 0 | _aPolítica de tierras | |
| 650 | 0 | _aLey 160 de 1994 | |
| 650 | 0 | _aReforma agraria | |
| 942 |
_2z _cFolleto |
||